000 00469nam a2200181Ia 4500
008 131103s9999 xx 000 0 und d
020 _a033351341x
040 _aLoreto College
041 _aEnglish
082 _a822.91/BAN
_bLCLIB/45685
100 _aBanks, Lynne Reid
245 _aMaura's angel
_cLynne Reid Banks
260 _aLondon
_bMacmillan
_c1990
300 _a57p.
_c 22cm.
650 _aEnglish literature
850 _aLCLIB/822.91/BAN
942 _cBK
999 _c35899
_d86378